=LDR 00000nam 2200000 4500 =001 INLIS000000000041606 =005 20130612151129 =008 ***********************************ind** =035 ##$$0010-061300000041606 =041 ##$$a ind =082 ##$$a 658.15 =245 ##$$a aAkuntansu Manajemen, Sistem,Proses dan Pemecahan Soal =260 ##$$a 192 $b v =300 ##$$a 23 cm =850 ##$$a NBPNMAT